000 00292nam a22001337a 4500
008 170707b xxu||||| |||| 00| 0 eng d
020 _a0195060253
041 _aeng
080 _24TH
_a82
100 _a22
101 _aGJL
245 _aELEMENTS OF LITERATURE
_cSCHOLES,R
942 _2udc
_cBK
999 _c20034
_d20034